Языковое бытие человека и этноса: психолингвистический и когнитивный аспекты. Вып. 21: Материалы XVI Березенских чтений (Запись № 12279890)
[ простой вид ]
| 000 -МАРКЕР | |
|---|---|
| контрольное поле | 02306nam2a2200385 4500 |
| 001 - ИДЕНТИФИКАТОР ЗАПИСИ | |
| контрольное поле | RU\NLR\BIBL_A\012181177 |
| 005 - ИДЕНТИФИКАТОР ВЕРСИИ | |
| контрольное поле | 20260409075235.0 |
| 010 ## - МЕЖДУНАРОДНЫЙ СТАНДАРТНЫЙ НОМЕР КНИГИ (ISBN) | |
| Номер (ISBN) | 978-5-248-00931-2 |
| 035 ## - ДРУГИЕ СИСТЕМНЫЕ НОМЕРА | |
| Идентификатор записи | (NLR Aleph) 012181177 |
| 100 ## - ДАННЫЕ ОБЩЕЙ ОБРАБОТКИ | |
| Данные общей обработки | 20200117d2019 u y0rusy50 ca |
| 101 0# - ЯЗЫК РЕСУРСА | |
| Язык текста, звукозаписи и т.д. | русский |
| Язык резюме | английский |
| 102 ## - СТРАНА ПУБЛИКАЦИИ ИЛИ ПРОИЗВОДСТВА | |
| Страна публикации | Российская Федерация |
| 105 ## - ПОЛЕ КОДИРОВАННЫХ ДАННЫХ: ТЕКСТОВЫЕ МАТЕРИАЛЫ, МОНОГРАФИЧЕСКИЕ | |
| Кодированные данные о монографическом текстовом документе | ac z 000yy |
| 200 1# - ЗАГЛАВИЕ И СВЕДЕНИЯ ОБ ОТВЕТСТВЕННОСТИ | |
| Основное заглавие | Материалы XVI Березенских чтений |
| Параллельное заглавие | Proceedings of XVI Berezinsky readings |
| Язык параллельного заглавия | английский |
| 210 ## - ПУБЛИКАЦИЯ, РАСПРОСТРАНЕНИЕ И ДР. | |
| Дата издания, распространения и т.д. | 2019 |
| 215 ## - ФИЗИЧЕСКАЯ ХАРАКТЕРИСТИКА | |
| Специфическое обозначение материала и объем | 184 c. |
| Другие сведения о физической характеристике | ил., портр. |
| Размеры | 21 |
| 300 ## - ОБЩИЕ ПРИМЕЧАНИЯ | |
| Текст примечания | Рез. на англ. яз. |
| 320 ## - ПРИМЕЧАНИЯ О НАЛИЧИИ В ДОКУМЕНТЕ БИБЛИОГРАФИИ / УКАЗАТЕЛЯ | |
| Текст примечания | Библиогр. в конце ст. |
| 461 #0 - УРОВЕНЬ НАБОРА | |
| Встроенное поле | 001RU\NLR\INFOCOMM55\5000194997 |
| -- | 2001#$aЯзыковое бытие человека и этноса: психолингвистический и когнитивный аспекты$eСб. ст.$fАлт. гос. ун-т, Алт. акад. экономики и права$vВып. 21 |
| Системный номер (АБИС) связанной записи | 2975793 |
| Место публикации | Барнаул |
| Дата публикации | 2000- |
| Первые сведения об ответственности | Алт. гос. ун-т, Алт. акад. экономики и права |
| Имя издателя, распространителя и т.д. | Изд-во Алт. акад. экономики и права |
| Сведения, относящиеся к заглавию | Сб. ст. |
| Заглавие | Языковое бытие человека и этноса: психолингвистический и когнитивный аспекты |
| Номер тома | Вып. 21 |
| 510 1# - ПАРАЛЛЕЛЬНОЕ ЗАГЛАВИЕ | |
| Параллельное заглавие | Proceedings of XVI Berezinsky readings |
| Язык заглавия | английский |
| 606 1# - НАИМЕНОВАНИЕ ТЕМЫ КАК ПРЕДМЕТ | |
| Наименование темы | Когнитивная лингвистика |
| Формальный подзаголовок | Съезды, совещания и т.п |
| Системный номер авторитетной/нормативной записи | 1523672 |
| Идентификатор авторитетной/нормативной записи | RU\NLR\AUTH\66662714 |
| 606 1# - НАИМЕНОВАНИЕ ТЕМЫ КАК ПРЕДМЕТ | |
| Наименование темы | Картина мира (лингв.) |
| Формальный подзаголовок | Съезды, совещания и т.п |
| Системный номер авторитетной/нормативной записи | 2410731 |
| Идентификатор авторитетной/нормативной записи | RU\NLR\AUTH\661436371 |
| 606 1# - НАИМЕНОВАНИЕ ТЕМЫ КАК ПРЕДМЕТ | |
| Наименование темы | Коммуникативная лингвистика |
| Формальный подзаголовок | Съезды, совещания и т.п |
| Системный номер авторитетной/нормативной записи | 1366505 |
| Идентификатор авторитетной/нормативной записи | RU\NLR\AUTH\66572162 |
| 606 ## - НАИМЕНОВАНИЕ ТЕМЫ КАК ПРЕДМЕТ | |
| Наименование темы | Дискурс (лингв.) |
| Формальный подзаголовок | Съезды, совещания и т.п |
| Идентификатор авторитетной/нормативной записи | RU\NLR\AUTH\661418476 |
| Системный номер авторитетной/нормативной записи | 2377099 |
| 606 ## - НАИМЕНОВАНИЕ ТЕМЫ КАК ПРЕДМЕТ | |
| Наименование темы | Перевод (лингв.) |
| Формальный подзаголовок | Съезды, совещания и т.п |
| Идентификатор авторитетной/нормативной записи | RU\NLR\AUTH\66701106 |
| Системный номер авторитетной/нормативной записи | 1594424 |
| 686 1# - ИНДЕКСЫ ДРУГИХ КЛАССИФИКАЦИЙ | |
| Индекс | Ш100.4я431 |
| 686 1# - ИНДЕКСЫ ДРУГИХ КЛАССИФИКАЦИЙ | |
| Индекс | Ш100.0я431 |
| 686 1# - ИНДЕКСЫ ДРУГИХ КЛАССИФИКАЦИЙ | |
| Индекс | Ш107.7я431 |
| 710 12 - НАИМЕНОВАНИЕ ОРГАНИЗАЦИИ - ПЕРВИЧНАЯ ОТВЕТСТВЕННОСТЬ | |
| Начальный элемент ввода | Международные Березинские чтения |
| Порядковый номер временной организации и / или порядковый номер ее части | 16 |
| Место проведения временной организации | Москва |
| Дата проведения временной организации | 2019 |
| Системный номер авторитетной/нормативной записи | 691156 |
| Идентификатор авторитетной/нормативной записи | RU\NLR\AUTH\880515251 |
| 852 ## - МЕСТОНАХОЖДЕНИЕ И ШИФР ХРАНЕНИЯ | |
| Идентификатор организации | NLR |
| Шифр хранения (Call Number) | П25/376 |
| 942 ## - ДОПОЛНИТЕЛЬНЫЕ ЭЛЕМЕНТЫ ЗАПИСИ (АБИС) | |
| Тип экземпляра АБИС | Выпуск |
| 980 ## - КОЛЛЕКЦИЯ | |
| Название коллекции | Национальная библиография |
| 980 ## - КОЛЛЕКЦИЯ | |
| Название коллекции | Русская периодика |
Нет доступных экземпляров.